000 00695nam a2200253Ia 4500
001 37468
005 20240114001934.0
007 ta
008 070611s1950 g b000 u 465 u
040 _aCotton College Assam
041 _a465
082 _a942.06
_bT 728 En
100 _aTrevelyan, George Macaulay .
245 0 _aThe English Revolution 1688-1689 /
_cGeorge Macaulay Trevelyan.
_hTextual Documents
250 _a1st ed. /
260 _aLondon :
_bOxford University Press ,
_c1950.
300 _a255p. ;
_c19cm.
653 _aEnglish Revolution
653 _aHistory-England
653 _aG-History
942 _2ddc
_cBK
999 _c37447
_d37447